000 00517cam a22002052a 4500
001 003085
003 AR-FADEU
008 311216n1962####xxu####################dd
092 _a301
_bM843
_eBLYNK
100 _aMoreno, Jacob L.
245 _aFundamentos de la sociometría
260 _aBuenos Aires
260 _bPaidós
260 _c1962
300 _a443 p
440 _aBiblioteca de la psicología social y sociología
500 _aInv. 3512. BLYNK
650 _aSOCIOMETRIA/BLYNK/
942 _cBLYNK
999 _c8917
_d8917